[Event "Benidorm Satellite preliminary"]
[Site "playchess.com #007036"]
[Date "2009.10.24"]
[Round "4"]
[White "Borya_ider"]
[Black "Yoborjamari"]
[Result "1/2-1/2"]
[WhiteElo "2678"]
[BlackElo "2117"]
[PlyCount "143"]
[EventDate "2009.10.24"]
[EventType "swiss (blitz)"]

1. d4 {[%emt 0:00:00]} Nf6 {[%emt 0:00:03]} 2. c4 {[%emt 0:00:01]} g6 {[%emt 0:
00:01]} 3. Nc3 {[%emt 0:00:01]} d5 {[%emt 0:00:01]} 4. Nf3 {[%emt 0:00:01]} Bg7
{[%emt 0:00:02]} 5. Qb3 {[%emt 0:00:01]} dxc4 {[%emt 0:00:01]} 6. Qxc4 {[%emt
0:00:00]} O-O {[%emt 0:00:01]} 7. Bf4 {[%emt 0:00:01]} Be6 {[%emt 0:00:21]} 8.
Qxc7 {[%emt 0:00:03]} Qxc7 {[%emt 0:00:01]} 9. Bxc7 {[%emt 0:00:01]} Na6 {
[%emt 0:00:01]} 10. Be5 {[%emt 0:00:03]} Nb4 {[%emt 0:00:20]} 11. Kd2 {[%emt 0:
00:12]} Rac8 {[%emt 0:00:23]} 12. a3 {[%emt 0:00:03]} Nbd5 {[%emt 0:00:17]} 13.
Bxf6 {[%emt 0:00:01]} Bxf6 {[%emt 0:00:23]} 14. e3 {[%emt 0:00:02]} Nb6 {[%emt
0:00:05]} 15. Be2 {[%emt 0:00:04]} Rfd8 {[%emt 0:00:13]} 16. Rhc1 {[%emt 0:00:
02]} Nc4+ {[%emt 0:00:03]} 17. Bxc4 {[%emt 0:00:01]} Bxc4 {[%emt 0:00:02]} 18.
Ne4 {[%emt 0:00:01]} Bg7 {[%emt 0:00:05]} 19. Nc5 {[%emt 0:00:01]} Rxc5 {[%emt
0:00:10]} 20. Ke1 {[%emt 0:00:08]} Rcc8 {[%emt 0:00:02]} 21. Rc2 {[%emt 0:00:
13]} b5 {[%emt 0:00:03]} 22. Rac1 {[%emt 0:00:01]} Be6 {[%emt 0:00:01]} 23. Rc5
{[%emt 0:00:05]} a6 {[%emt 0:00:04]} 24. Nd2 {[%emt 0:00:05] Borya_ider
propose la nulle} f5 {[%emt 0:00:09]} 25. f4 {[%emt 0:00:08]} Bc4 {[%emt 0:00:
06]} 26. b4 {[%emt 0:00:32]} Rxc5 {[%emt 0:00:07]} 27. bxc5 {[%emt 0:00:03]}
Bd5 {[%emt 0:00:04]} 28. g3 {[%emt 0:00:01] Borya_ider propose la nulle} Rc8 {
[%emt 0:00:02]} 29. Rb1 {[%emt 0:00:02]} e6 {[%emt 0:00:02]} 30. Nb3 {[%emt 0:
00:01]} Bxb3 {[%emt 0:00:01]} 31. Rxb3 {[%emt 0:00:01]} Kf7 {[%emt 0:00:02]}
32. Kd2 {[%emt 0:00:00]} Ke7 {[%emt 0:00:01]} 33. Kc3 {[%emt 0:00:00]} Kd7 {
[%emt 0:00:01]} 34. Kb4 {[%emt 0:00:00]} Kc6 {[%emt 0:00:03]} 35. Ka5 {[%emt 0:
00:00]} Ra8 {[%emt 0:00:01]} 36. a4 {[%emt 0:00:01]} Bf6 {[%emt 0:00:02]} 37.
axb5+ {[%emt 0:00:07]} axb5+ {[%emt 0:00:01]} 38. Kb4 {[%emt 0:00:00]} Ra4+ {
[%emt 0:00:03]} 39. Kc3 {[%emt 0:00:00]} Bd8 {[%emt 0:00:01]} 40. Kd3 {[%emt 0:
00:03]} Ra2 {[%emt 0:00:03]} 41. h4 {[%emt 0:00:02]} Ba5 {[%emt 0:00:01]} 42.
e4 {[%emt 0:00:01]} Rg2 {[%emt 0:00:05]} 43. Rb1 {[%emt 0:00:13]} Rxg3+ {[%emt
0:00:02]} 44. Ke2 {[%emt 0:00:00]} fxe4 {[%emt 0:00:01]} 45. h5 {[%emt 0:00:00]
} gxh5 {[%emt 0:00:02]} 46. Rh1 {[%emt 0:00:01]} Rd3 {[%emt 0:00:04]} 47. Rxh5
{[%emt 0:00:01]} Rxd4 {[%emt 0:00:01]} 48. Re5 {[%emt 0:00:00]} Bd2 {[%emt 0:
00:12]} 49. Rxe6+ {[%emt 0:00:02]} Kxc5 {[%emt 0:00:01]} 50. f5 {[%emt 0:00:00]
} b4 {[%emt 0:00:09]} 51. f6 {[%emt 0:00:01]} Bh6 {[%emt 0:00:02]} 52. f7 {
[%emt 0:00:02]} Bf8 {[%emt 0:00:02]} 53. Re8 {[%emt 0:00:01]} Bh6 {[%emt 0:00:
03]} 54. Re6 {[%emt 0:00:01]} Bg7 {[%emt 0:00:02]} 55. Re8 {[%emt 0:00:07]} Rd7
{[%emt 0:00:02]} 56. f8=Q+ {[%emt 0:00:05]} Bxf8 {[%emt 0:00:01]} 57. Rxf8 {
[%emt 0:00:00]} Re7 {[%emt 0:00:01]} 58. Ke3 {[%emt 0:00:02]} Kc4 {[%emt 0:00:
01]} 59. Rc8+ {[%emt 0:00:01]} Kb3 {[%emt 0:00:01]} 60. Rc1 {[%emt 0:00:01]}
Kb2 {[%emt 0:00:01]} 61. Re1 {[%emt 0:00:01]} b3 {[%emt 0:00:01]} 62. Ke2 {
[%emt 0:00:01]} e3 {[%emt 0:00:01]} 63. Rh1 {[%emt 0:00:01]} Ka2 {[%emt 0:00:
03]} 64. Rh6 {[%emt 0:00:01]} b2 {[%emt 0:00:05]} 65. Ra6+ {[%emt 0:00:01]} Kb1
{[%emt 0:00:01]} 66. Rb6 {[%emt 0:00:01]} h5 {[%emt 0:00:02]} 67. Rh6 {[%emt 0:
00:02]} Re5 {[%emt 0:00:03]} 68. Rh7 {[%emt 0:00:03]} Rb5 {[%emt 0:00:03]} 69.
Rxh5 {[%emt 0:00:02]} Ka2 {[%emt 0:00:01]} 70. Rxb5 {[%emt 0:00:01]} b1=Q {
[%emt 0:00:04]} 71. Rxb1 {[%emt 0:00:01]} Kxb1 {[%emt 0:00:00]} 72. Kxe3 {
[%emt 0:00:00]} 1/2-1/2

[Event "Benidorm Satellite preliminary"]
[Site "playchess.com #007036"]
[Date "2009.10.24"]
[Round "4"]
[White "Necromant"]
[Black "AndreevSt"]
[Result "1-0"]
[WhiteElo "2458"]
[BlackElo "1968"]
[PlyCount "91"]
[EventDate "2009.10.24"]
[EventType "swiss (blitz)"]

1. e4 {[%emt 0:00:05]} c6 {[%emt 0:00:02]} 2. d4 {[%emt 0:00:01]} d5 {[%emt 0:
00:00]} 3. Nd2 {[%emt 0:00:01]} dxe4 {[%emt 0:00:00]} 4. Nxe4 {[%emt 0:00:01]}
Nd7 {[%emt 0:00:01]} 5. Ng5 {[%emt 0:00:02]} Ngf6 {[%emt 0:00:01]} 6. Bd3 {
[%emt 0:00:01]} e6 {[%emt 0:00:01]} 7. N1f3 {[%emt 0:00:01]} Bd6 {[%emt 0:00:
00]} 8. Qe2 {[%emt 0:00:01]} h6 {[%emt 0:00:01]} 9. Ne4 {[%emt 0:00:01]} Nxe4 {
[%emt 0:00:01]} 10. Qxe4 {[%emt 0:00:02]} Nf6 {[%emt 0:00:00]} 11. Qe2 {[%emt
0:00:01]} Qc7 {[%emt 0:00:01]} 12. Bd2 {[%emt 0:00:03]} b6 {[%emt 0:00:01]} 13.
Ne5 {[%emt 0:00:08]} Bb7 {[%emt 0:00:03]} 14. f4 {[%emt 0:00:03]} O-O-O {[%emt
0:00:01]} 15. O-O-O {[%emt 0:00:04]} c5 {[%emt 0:00:01]} 16. dxc5 {[%emt 0:00:
03]} Bxc5 {[%emt 0:00:01]} 17. Rhe1 {[%emt 0:00:08]} Kb8 {[%emt 0:00:01]} 18.
Kb1 {[%emt 0:00:02]} Nd5 {[%emt 0:00:15]} 19. a3 {[%emt 0:00:04]} Rhe8 {[%emt
0:00:09]} 20. c4 {[%emt 0:00:18]} Nf6 {[%emt 0:00:06]} 21. Bc3 {[%emt 0:00:04]}
Bd4 {[%emt 0:00:03]} 22. Bxd4 {[%emt 0:00:02]} Rxd4 {[%emt 0:00:01]} 23. g3 {
[%emt 0:00:05]} Red8 {[%emt 0:00:02]} 24. Bc2 {[%emt 0:00:01]} a6 {[%emt 0:00:
18]} 25. Rxd4 {[%emt 0:00:02]} Rxd4 {[%emt 0:00:02]} 26. Rd1 {[%emt 0:00:01]}
Rxd1+ {[%emt 0:00:08]} 27. Qxd1 {[%emt 0:00:00]} Ka7 {[%emt 0:00:01]} 28. Qd4 {
[%emt 0:00:03]} Ne8 {[%emt 0:00:19]} 29. b4 {[%emt 0:00:20]} f6 {[%emt 0:00:05]
} 30. Nd3 {[%emt 0:00:22]} Qd6 {[%emt 0:00:07]} 31. Qe3 {[%emt 0:00:01]} Kb8 {
[%emt 0:00:13]} 32. c5 {[%emt 0:00:02]} bxc5 {[%emt 0:00:04]} 33. Nxc5 {[%emt
0:00:01]} Nc7 {[%emt 0:00:04]} 34. Nxb7 {[%emt 0:00:11]} Kxb7 {[%emt 0:00:01]}
35. Be4+ {[%emt 0:00:01]} Nd5 {[%emt 0:00:05]} 36. Qd4 {[%emt 0:00:12]} Qc6 {
[%emt 0:00:31]} 37. Kb2 {[%emt 0:00:07]} g6 {[%emt 0:00:36]} 38. Bxg6 {[%emt 0:
00:11]} Qb5 {[%emt 0:00:10]} 39. Bd3 {[%emt 0:00:05]} Qa4 {[%emt 0:00:09]} 40.
Be4 {[%emt 0:00:05]} Qb5 {[%emt 0:00:03]} 41. Qd3 {[%emt 0:00:07]} Kc6 {[%emt
0:00:30]} 42. Qxb5+ {[%emt 0:00:16] .} Kxb5 {[%emt 0:00:01]} 43. Bxd5 {[%emt 0:
00:05]} exd5 {[%emt 0:00:00]} 44. Kb3 {[%emt 0:00:01]} d4 {[%emt 0:00:03]} 45.
a4+ {[%emt 0:00:01]} Kc6 {[%emt 0:00:02]} 46. Kc4 {[%emt 0:00:00] AndreevSt
resigns} 1-0

[Event "Benidorm Satellite preliminary"]
[Site "playchess.com #007036"]
[Date "2009.10.24"]
[Round "4"]
[White "Altamiro"]
[Black "Chanwxt"]
[Result "0-1"]
[WhiteElo "2144"]
[BlackElo "2828"]
[PlyCount "54"]
[EventDate "2009.10.24"]
[EventType "swiss (blitz)"]

1. e4 {[%emt 0:00:02]} e5 {[%emt 0:00:01]} 2. Nf3 {[%emt 0:00:01]} Nc6 {[%emt
0:00:01]} 3. Bb5 {[%emt 0:00:01]} a6 {[%emt 0:00:01]} 4. Ba4 {[%emt 0:00:01]}
Nf6 {[%emt 0:00:01]} 5. O-O {[%emt 0:00:01]} b5 {[%emt 0:00:01]} 6. Bb3 {[%emt
0:00:01]} Bb7 {[%emt 0:00:00]} 7. d4 {[%emt 0:00:11]} Nxd4 {[%emt 0:00:01]} 8.
Nxd4 {[%emt 0:00:02]} exd4 {[%emt 0:00:01]} 9. e5 {[%emt 0:00:06]} Ne4 {[%emt
0:00:10]} 10. Qf3 {[%emt 0:00:18]} Qe7 {[%emt 0:00:53]} 11. Nd2 {[%emt 0:01:03]
} Nc5 {[%emt 0:00:18]} 12. Bd5 {[%emt 0:00:02]} c6 {[%emt 0:00:05]} 13. Be4 {
[%emt 0:00:01]} g6 {[%emt 0:00:13]} 14. b3 {[%emt 0:00:33]} Ne6 {[%emt 0:00:15]
} 15. a4 {[%emt 0:00:10]} Bg7 {[%emt 0:00:30]} 16. Ba3 {[%emt 0:00:02]} b4 {
[%emt 0:00:02]} 17. Nc4 {[%emt 0:00:01]} O-O {[%emt 0:00:09]} 18. Bc1 {[%emt 0:
00:42]} f6 {[%emt 0:00:25] '} 19. Qd3 {[%emt 0:00:17]} fxe5 {[%emt 0:00:08]}
20. Nb6 {[%emt 0:00:01]} d5 {[%emt 0:00:05]} 21. Bf3 {[%emt 0:00:03] .} Rae8 {
[%emt 0:00:05]} 22. Qd2 {[%emt 0:00:03]} e4 {[%emt 0:00:02]} 23. Be2 {[%emt 0:
00:01]} Nf4 {[%emt 0:00:02]} 24. Qe1 {[%emt 0:00:02]} Nxe2+ {[%emt 0:00:06]}
25. Qxe2 {[%emt 0:00:01]} d3 {[%emt 0:00:00]} 26. Qe3 {[%emt 0:00:03]} Bxa1 {
[%emt 0:00:03]} 27. Bd2 {[%emt 0:00:00]} Bg7 {[%emt 0:00:02] Altamiro rinde}
0-1

[Event "Benidorm Satellite preliminary"]
[Site "playchess.com #007036"]
[Date "2009.10.24"]
[Round "4"]
[White "Dimitri_Ovanov"]
[Black "Daisuke"]
[Result "0-1"]
[WhiteElo "1638"]
[BlackElo "1814"]
[PlyCount "88"]
[EventDate "2009.10.24"]
[EventType "swiss (blitz)"]

1. b3 {[%emt 0:00:04]} d6 {[%emt 0:00:00]} 2. Bb2 {[%emt 0:00:01]} Nf6 {[%emt
0:00:03]} 3. f4 {[%emt 0:00:01]} g6 {[%emt 0:00:04]} 4. Nf3 {[%emt 0:00:01]}
Bg7 {[%emt 0:00:01]} 5. e3 {[%emt 0:00:02]} c6 {[%emt 0:00:01]} 6. Be2 {[%emt
0:00:01]} Nbd7 {[%emt 0:00:02]} 7. O-O {[%emt 0:00:02]} O-O {[%emt 0:00:04]} 8.
Na3 {[%emt 0:00:01]} Qb6 {[%emt 0:00:02]} 9. Rb1 {[%emt 0:00:01]} d5 {[%emt 0:
00:02]} 10. c4 {[%emt 0:00:03]} Nh5 {[%emt 0:00:12]} 11. Bxg7 {[%emt 0:00:03]}
Kxg7 {[%emt 0:00:02]} 12. Nc2 {[%emt 0:00:03]} Nxf4 {[%emt 0:00:03]} 13. Ncd4 {
[%emt 0:00:16]} Nxe2+ {[%emt 0:00:01]} 14. Nxe2 {[%emt 0:00:02]} dxc4 {[%emt 0:
00:01]} 15. bxc4 {[%emt 0:00:03]} Qc7 {[%emt 0:00:01]} 16. d4 {[%emt 0:00:07]}
Nf6 {[%emt 0:00:02]} 17. Qd3 {[%emt 0:00:02]} Bf5 {[%emt 0:00:04]} 18. Qb3 {
[%emt 0:00:05]} Bxb1 {[%emt 0:00:02]} 19. Rxb1 {[%emt 0:00:02]} b6 {[%emt 0:00:
02]} 20. Ne5 {[%emt 0:00:03]} Nd7 {[%emt 0:00:11]} 21. Nd3 {[%emt 0:00:03]} e5
{[%emt 0:00:06]} 22. Rf1 {[%emt 0:00:06]} exd4 {[%emt 0:00:03]} 23. exd4 {
[%emt 0:00:01]} Rae8 {[%emt 0:00:04]} 24. Nef4 {[%emt 0:00:12]} Re3 {[%emt 0:
00:14]} 25. Qd1 {[%emt 0:00:02]} Rfe8 {[%emt 0:00:03]} 26. Qg4 {[%emt 0:00:06]}
Nf6 {[%emt 0:00:04]} 27. Qg5 {[%emt 0:00:02]} h6 {[%emt 0:00:05]} 28. Qh4 {
[%emt 0:00:25]} g5 {[%emt 0:00:03]} 29. Qf2 {[%emt 0:00:07]} gxf4 {[%emt 0:00:
07]} 30. Nxf4 {[%emt 0:00:02]} Ng4 {[%emt 0:00:19]} 31. Qh4 {[%emt 0:00:03]}
Qd7 {[%emt 0:00:23]} 32. Nh5+ {[%emt 0:00:14]} Kf8 {[%emt 0:00:13]} 33. h3 {
[%emt 0:00:12]} Qxd4 {[%emt 0:00:04]} 34. Kh1 {[%emt 0:00:06]} Rxh3+ {[%emt 0:
00:22]} 35. Qxh3 {[%emt 0:00:43]} Nf2+ {[%emt 0:00:03]} 36. Rxf2 {[%emt 0:00:
01]} Qxf2 {[%emt 0:00:02]} 37. Qg4 {[%emt 0:00:09]} Re1+ {[%emt 0:00:06]} 38.
Kh2 {[%emt 0:00:01]} Qg1+ {[%emt 0:00:02]} 39. Kg3 {[%emt 0:00:02]} Re3+ {
[%emt 0:00:04]} 40. Kf4 {[%emt 0:00:08]} Re6 {[%emt 0:00:04]} 41. Qg7+ {[%emt
0:00:18]} Ke7 {[%emt 0:00:01]} 42. Ng3 {[%emt 0:00:10]} Qe3+ {[%emt 0:00:04]}
43. Kg4 {[%emt 0:00:02]} Rg6+ {[%emt 0:00:03]} 44. Qxg6 {[%emt 0:00:04]} fxg6 {
[%emt 0:00:01] Dimitri_Ovanov resigns} 0-1

[Event "Benidorm Satellite preliminary"]
[Site "playchess.com #007036"]
[Date "2009.10.24"]
[Round "4"]
[White "Scottie"]
[Black "Roefe"]
[Result "0-1"]
[WhiteElo "2288"]
[BlackElo "1708"]
[PlyCount "74"]
[EventDate "2009.10.24"]
[EventType "swiss (blitz)"]

1. e4 {[%emt 0:00:01]} c5 {[%emt 0:00:01]} 2. Nf3 {[%emt 0:00:01]} e6 {[%emt 0:
00:00]} 3. d4 {[%emt 0:00:01]} cxd4 {[%emt 0:00:00]} 4. Bg5 {[%emt 0:00:01]}
Be7 {[%emt 0:00:05]} 5. Bxe7 {[%emt 0:00:02]} Nxe7 {[%emt 0:00:02]} 6. Qxd4 {
[%emt 0:00:05]} O-O {[%emt 0:00:04]} 7. Nc3 {[%emt 0:00:01]} f5 {[%emt 0:00:06]
} 8. e5 {[%emt 0:00:04]} Nbc6 {[%emt 0:00:03]} 9. Qd6 {[%emt 0:00:02]} Qb6 {
[%emt 0:00:16]} 10. O-O-O {[%emt 0:00:29]} Ng6 {[%emt 0:00:03]} 11. Rd2 {[%emt
0:00:07]} Qa5 {[%emt 0:00:10]} 12. Bb5 {[%emt 0:00:22]} a6 {[%emt 0:00:15]} 13.
Bxc6 {[%emt 0:00:01]} bxc6 {[%emt 0:00:04]} 14. h4 {[%emt 0:00:16]} h5 {[%emt
0:00:07]} 15. Re1 {[%emt 0:00:14]} Ra7 {[%emt 0:00:03]} 16. g3 {[%emt 0:00:08]}
Rb7 {[%emt 0:00:03]} 17. Ng5 {[%emt 0:00:05]} f4 {[%emt 0:00:15]} 18. Rde2 {
[%emt 0:00:47]} fxg3 {[%emt 0:00:18]} 19. fxg3 {[%emt 0:00:02]} Qb4 {[%emt 0:
00:20]} 20. Qxb4 {[%emt 0:00:02]} Rxb4 {[%emt 0:00:00]} 21. a3 {[%emt 0:00:08]}
Rg4 {[%emt 0:00:03]} 22. Re3 {[%emt 0:00:02]} a5 {[%emt 0:00:11]} 23. b3 {
[%emt 0:00:06]} c5 {[%emt 0:00:06]} 24. Nce4 {[%emt 0:00:06]} Bb7 {[%emt 0:00:
11]} 25. Nxc5 {[%emt 0:00:01]} Bc6 {[%emt 0:00:09]} 26. Rc3 {[%emt 0:00:02]}
Rf2 {[%emt 0:00:14]} 27. Ncxe6 {[%emt 0:00:03]} a4 {[%emt 0:00:19]} 28. b4 {
[%emt 0:00:04]} Ne7 {[%emt 0:00:16]} 29. Nc5 {[%emt 0:00:03]} Nd5 {[%emt 0:00:
01]} 30. Rd3 {[%emt 0:00:07]} Nxb4 {[%emt 0:00:07]} 31. e6 {[%emt 0:00:06]}
Nxd3+ {[%emt 0:00:02]} 32. cxd3 {[%emt 0:00:00]} dxe6 {[%emt 0:00:02]} 33. Rxe6
{[%emt 0:00:01]} Rxg3 {[%emt 0:00:02]} 34. Re1 {[%emt 0:00:06]} Rgg2 {[%emt 0:
00:01]} 35. Nce4 {[%emt 0:00:12]} Rc2+ {[%emt 0:00:01]} 36. Kd1 {[%emt 0:00:01]
} Bd5 {[%emt 0:00:03]} 37. Nc5 {[%emt 0:00:12]} Rgd2# {[%emt 0:00:03]} 0-1

[Event "Benidorm Satellite preliminary"]
[Site "playchess.com #007036"]
[Date "2009.10.24"]
[Round "4"]
[White "Wolle1305"]
[Black "Nitroglycérine"]
[Result "1-0"]
[WhiteElo "1708"]
[BlackElo "1852"]
[PlyCount "79"]
[EventDate "2009.10.24"]
[EventType "swiss (blitz)"]

1. e4 {[%emt 0:00:01]} d6 {[%emt 0:00:01]} 2. d4 {[%emt 0:00:02]} Nf6 {[%emt 0:
00:00]} 3. Nc3 {[%emt 0:00:02]} g6 {[%emt 0:00:00]} 4. f4 {[%emt 0:00:02]} Bg7
{[%emt 0:00:02]} 5. Nf3 {[%emt 0:00:01]} O-O {[%emt 0:00:01]} 6. Be3 {[%emt 0:
00:01]} c5 {[%emt 0:00:04]} 7. Qd2 {[%emt 0:00:04]} cxd4 {[%emt 0:00:11]} 8.
Bxd4 {[%emt 0:00:04]} Nc6 {[%emt 0:00:02]} 9. O-O-O {[%emt 0:00:10]} Nxd4 {
[%emt 0:00:01]} 10. Nxd4 {[%emt 0:00:01] Wolle1305 reklamiert Gewinn wegen
Verbindungsabbruch} e5 {[%emt 0:00:42]} 11. Nf3 {[%emt 0:00:06]} exf4 {[%emt 0:
00:12]} 12. e5 {[%emt 0:00:10]} Nh5 {[%emt 0:00:16]} 13. exd6 {[%emt 0:00:05]}
Be6 {[%emt 0:00:09]} 14. Kb1 {[%emt 0:00:07]} Rc8 {[%emt 0:00:06]} 15. Ne4 {
[%emt 0:00:04]} h6 {[%emt 0:00:16]} 16. Qb4 {[%emt 0:00:17]} b6 {[%emt 0:00:07]
} 17. Nd4 {[%emt 0:00:09]} Bg4 {[%emt 0:00:08]} 18. Rd2 {[%emt 0:00:09]} Nf6 {
[%emt 0:00:08]} 19. Nc3 {[%emt 0:00:19]} Nd7 {[%emt 0:00:15]} 20. Ba6 {[%emt 0:
00:01]} Rc5 {[%emt 0:00:03]} 21. Ndb5 {[%emt 0:00:25]} g5 {[%emt 0:00:35]} 22.
Ne4 {[%emt 0:00:10]} Re8 {[%emt 0:00:21]} 23. Nxc5 {[%emt 0:00:05]} Nxc5 {
[%emt 0:00:00]} 24. Nc7 {[%emt 0:00:07]} Re4 {[%emt 0:00:05]} 25. Bc4 {[%emt 0:
00:30]} a5 {[%emt 0:00:03]} 26. Qb5 {[%emt 0:00:02]} Na6 {[%emt 0:00:03]} 27.
Nxa6 {[%emt 0:00:04]} Qf6 {[%emt 0:00:01]} 28. c3 {[%emt 0:00:11]} Qd8 {[%emt
0:00:03]} 29. Qc6 {[%emt 0:00:13]} Bd7 {[%emt 0:00:01]} 30. Qxe4 {[%emt 0:00:
03]} Qf6 {[%emt 0:00:00]} 31. Qa8+ {[%emt 0:00:04]} Kh7 {[%emt 0:00:01]} 32.
Bd3+ {[%emt 0:00:03]} Bf5 {[%emt 0:00:00]} 33. Bxf5+ {[%emt 0:00:01]} Qxf5+ {
[%emt 0:00:00]} 34. Ka1 {[%emt 0:00:04]} Qd7 {[%emt 0:00:02]} 35. Qd5 {[%emt 0:
00:01]} Kg6 {[%emt 0:00:02]} 36. Qe4+ {[%emt 0:00:01]} f5 {[%emt 0:00:03]} 37.
Qe7 {[%emt 0:00:01]} Qxe7 {[%emt 0:00:04]} 38. dxe7 {[%emt 0:00:01]} Kf7 {
[%emt 0:00:00]} 39. Re1 {[%emt 0:00:01]} Bf6 {[%emt 0:00:01]} 40. e8=Q+ {[%emt
0:00:02] Nitroglycérine abandonne} 1-0

[Event "Benidorm Satellite preliminary"]
[Site "playchess.com #007036"]
[Date "2009.10.24"]
[Round "4"]
[White "Sant"]
[Black "LaOla"]
[Result "0-1"]
[WhiteElo "1936"]
[BlackElo "2390"]
[PlyCount "110"]
[EventDate "2009.10.24"]
[EventType "swiss (blitz)"]

1. c4 {[%emt 0:00:02]} c5 {[%emt 0:00:01]} 2. Nc3 {[%emt 0:00:01]} Nf6 {[%emt
0:00:01]} 3. g3 {[%emt 0:00:01]} g6 {[%emt 0:00:01]} 4. Bg2 {[%emt 0:00:01]}
Bg7 {[%emt 0:00:00]} 5. Nf3 {[%emt 0:00:01]} d5 {[%emt 0:00:01]} 6. cxd5 {
[%emt 0:00:04]} Nxd5 {[%emt 0:00:00]} 7. O-O {[%emt 0:00:01]} Nb6 {[%emt 0:00:
01]} 8. d3 {[%emt 0:00:02]} O-O {[%emt 0:00:01]} 9. Be3 {[%emt 0:00:05]} N8d7 {
[%emt 0:00:08]} 10. Rb1 {[%emt 0:00:21]} Re8 {[%emt 0:00:07]} 11. Na4 {[%emt 0:
00:05]} Nxa4 {[%emt 0:00:02]} 12. Qxa4 {[%emt 0:00:02]} Nb6 {[%emt 0:00:05]}
13. Qb5 {[%emt 0:00:22]} Bd7 {[%emt 0:00:19]} 14. Qxc5 {[%emt 0:00:09]} Rc8 {
[%emt 0:00:01]} 15. Qa3 {[%emt 0:00:02]} Nd5 {[%emt 0:00:02]} 16. Bd4 {[%emt 0:
00:11]} Bc6 {[%emt 0:00:07]} 17. Bxg7 {[%emt 0:00:03]} Kxg7 {[%emt 0:00:01]}
18. Qxa7 {[%emt 0:00:04]} Qd6 {[%emt 0:00:12] LaOla bietet Remis} 19. Qd4+ {
[%emt 0:00:14]} e5 {[%emt 0:00:01]} 20. Qh4 {[%emt 0:00:03]} Ra8 {[%emt 0:00:
06]} 21. a3 {[%emt 0:00:01]} Ra4 {[%emt 0:00:02]} 22. Qg5 {[%emt 0:00:03]} h6 {
[%emt 0:00:03]} 23. Qd2 {[%emt 0:00:02]} Nf6 {[%emt 0:00:07]} 24. Rbc1 {[%emt
0:00:21]} e4 {[%emt 0:00:03]} 25. dxe4 {[%emt 0:00:01]} Qe7 {[%emt 0:00:25]}
26. e5 {[%emt 0:00:27]} Ne4 {[%emt 0:00:06]} 27. Qc2 {[%emt 0:00:05]} Ra6 {
[%emt 0:00:18]} 28. e3 {[%emt 0:00:08]} Rc8 {[%emt 0:00:19]} 29. Nd4 {[%emt 0:
00:05]} Ng5 {[%emt 0:00:01]} 30. Nxc6 {[%emt 0:00:08]} bxc6 {[%emt 0:00:01]}
31. f4 {[%emt 0:00:02]} Ne6 {[%emt 0:00:01]} 32. Rfd1 {[%emt 0:00:21]} Qa7 {
[%emt 0:00:04]} 33. Qc3 {[%emt 0:00:07]} c5 {[%emt 0:00:03]} 34. h3 {[%emt 0:
00:02]} c4 {[%emt 0:00:07]} 35. Kh2 {[%emt 0:00:01]} Rb6 {[%emt 0:00:04]} 36.
Qd2 {[%emt 0:00:12]} Rb3 {[%emt 0:00:03]} 37. Rc3 {[%emt 0:00:01]} Rb6 {[%emt
0:00:03]} 38. Rdc1 {[%emt 0:00:03]} Rd8 {[%emt 0:00:01]} 39. Qe2 {[%emt 0:00:
03]} Qb8 {[%emt 0:00:02]} 40. Rxc4 {[%emt 0:00:07]} Rxb2 {[%emt 0:00:01]} 41.
R4c2 {[%emt 0:00:01]} Rb6 {[%emt 0:00:02]} 42. Rc6 {[%emt 0:00:03]} Rb2 {[%emt
0:00:01]} 43. R1c2 {[%emt 0:00:01]} Rb1 {[%emt 0:00:01]} 44. g4 {[%emt 0:00:01]
} Ng5 {[%emt 0:00:08]} 45. Qf2 {[%emt 0:00:07]} Rdd1 {[%emt 0:00:11] '} 46.
fxg5 {[%emt 0:00:04]} Qxe5+ {[%emt 0:00:01]} 47. Qg3 {[%emt 0:00:01]} Rh1+ {
[%emt 0:00:02]} 48. Bxh1 {[%emt 0:00:02]} Rxh1+ {[%emt 0:00:02]} 49. Kxh1 {
[%emt 0:00:01]} Qxg3 {[%emt 0:00:01]} 50. R6c3 {[%emt 0:00:02]} Qxh3+ {[%emt 0:
00:02]} 51. Kg1 {[%emt 0:00:01]} Qxg4+ {[%emt 0:00:01]} 52. Kf1 {[%emt 0:00:00]
} hxg5 {[%emt 0:00:01]} 53. Rc4 {[%emt 0:00:02]} Qf3+ {[%emt 0:00:02]} 54. Ke1
{[%emt 0:00:01]} Qxe3+ {[%emt 0:00:00]} 55. Kd1 {[%emt 0:00:01]} Qxa3 {[%emt 0:
00:01] Time} 0-1